|
|
|
|
| LEADER |
02267njm a2200481 a 4500 |
| 001 |
000266862 |
| 003 |
CZ BrMZK |
| 005 |
20230510114812.0 |
| 008 |
010907s1990 xr f eng d |
| 028 |
0 |
3 |
|a 11 0107-2 031
|b Supraphon
|
| 040 |
|
|
|a BOA001
|b cze
|
| 080 |
|
|
|a 788.7:785.6(086.7)
|2 MRF
|
| 080 |
|
|
|a 786.1:785.6(086.7)
|2 MRF
|
| 080 |
|
|
|a 787.3:785.6(086.7)
|2 MRF
|
| 100 |
1 |
|
|a Martinů, Bohuslav,
|d 1890-1959
|7 jk01080381
|4 cmp
|
| 245 |
1 |
0 |
|a Concerto for harpsichord and small orchestra ;
|b Concerto for oboe and small orchestra ; Concertino for cello with piano, wind and percussion accompaniment
|h [zvukový záznam] /
|c Bohuslav Martinů.
|
| 246 |
3 |
3 |
|a Concertino pro violoncello s doprovodem klavíru, dechových a bicích nástrojů
|
| 246 |
3 |
3 |
|a Koncert pro hoboj a malý orchestr
|
| 246 |
3 |
3 |
|a koncert pro cembalo a malý orchestr
|
| 260 |
|
|
|a Praha :
|b Supraphon,
|c p1990
|
| 300 |
|
|
|a 1 CD :
|b stereo, DDD ;
|c 12 cm +
|e 1 brožura [8 s.].
|
| 306 |
|
|
|a 004710
|
| 500 |
|
|
|a Text v brožuře vícejaz.
|
| 500 |
|
|
|a Nahr. 1987, 1989
|
| 500 |
|
|
|a Durata 47:10
|
| 511 |
0 |
|
|a Alexandr Večtomov, violoncello; Jiří Krejčí, hoboj; Vladimír Topinka, klavír...[et al.]. Filharmonický komorní orchestr, řídí Václav Neumann, Petr Škvor.
|
| 653 |
0 |
|
|a cembalové koncerty
|a hobojové koncerty
|a violoncellové koncerty
|
| 700 |
1 |
|
|a Krejčí, Jiří,
|d 1935-2013
|7 ola2002113979
|4 prf
|
| 700 |
1 |
|
|a Řehák, Václav
|4 prf
|
| 700 |
1 |
|
|a Škvor, Petr,
|d 1948-1993
|7 mzk2003187295
|4 cnd
|
| 700 |
1 |
|
|a Neumann, Václav,
|d 1920-1995
|7 jn19990209586
|4 cnd
|
| 700 |
1 |
|
|a Růžičková, Zuzana,
|d 1927-2017
|7 jn19981002104
|4 prf
|
| 700 |
1 |
|
|a Topinka, Vladimír,
|d 1932-
|7 xx0084903
|4 prf
|
| 700 |
1 |
|
|a Večtomov, Alexander,
|d 1930-1989
|7 jn20000402537
|4 prf
|
| 710 |
2 |
|
|a Filharmonický komorní orchestr
|7 ko2002162119
|4 prf
|
| 740 |
0 |
2 |
|a Concerto for oboe and small orchestra
|
| 740 |
0 |
2 |
|a Concertino for cello with piano, wind and percussion accompaniment
|
| 910 |
|
|
|a BOA001
|b CD-0001.964
|
| 964 |
|
|
|a Hoboj a orchestr
|x koncerty
|x CD
|
| 964 |
|
|
|a Violoncello a orchestr
|x koncerty
|x CD
|
| 964 |
|
|
|a Cembalo a orchestr
|x koncerty
|x CD
|
| 990 |
|
|
|a AV
|
| 996 |
6 |
|
|b 261H001996
|c CD-0001.964
|l MZK
|r Sklad / do 24 hodin
|n 0
|w 000266862
|u 000010
|a 1
|e BOA001
|j MZK50
|s P
|